Polyfunkčný objekt Zen House - interiér
Guardado en:
| Autor principal: | |
|---|---|
| Otros Autores: | |
| Formato: | Manuscrito Libro |
| Lenguaje: | eslovaco |
| Publicado: |
Bratislava
2016
|
| Materias: | |
| Acceso en línea: | http://is.stuba.sk/zp/portal_zp.pl?podrobnosti=121570 |
| Etiquetas: |
Sin Etiquetas, Sea el primero en etiquetar este registro!
|
MARC
| LEADER | 00000ntm a22000003a 4500 | ||
|---|---|---|---|
| 001 | stuzp57336 | ||
| 003 | SK-STU | ||
| 005 | 20210222132108.3 | ||
| 007 | ta | ||
| 008 | 150427s2015----xo-----f-mn---000-0-slo-d | ||
| 040 | |a STU |b slo | ||
| 041 | 0 | |a slo | |
| 100 | 1 | |a Adamovová, Žofia |u 055150 |4 aut |U FAD Fakulta architektúry |T FA Ústav interiéru a výstavníctva |X 8082 |U A5150 |Y 396 |7 A000008082 | |
| 242 | 0 | 1 | |a Zen house - multifunctional building |y eng |
| 245 | 1 | 0 | |a Polyfunkčný objekt Zen House - interiér |
| 260 | |c 2016 |a Bratislava | ||
| 650 | 4 | |a Zen house |2 slo | |
| 650 | 4 | |a čajovňa |2 slo | |
| 650 | 4 | |a yoga |2 slo | |
| 650 | 4 | |a Zen house |2 eng | |
| 650 | 4 | |a teabar |2 eng | |
| 650 | 4 | |a yoga |2 eng | |
| 700 | 1 | |a Salcer, Igor |u 055150 |k Z1 |4 ths |U FAD Fakulta architektúry |T FA Ústav interiéru a výstavníctva |X 29139 |U A5150 |Y 396 |7 A000029139 | |
| 856 | 4 | |u http://is.stuba.sk/zp/portal_zp.pl?podrobnosti=121570 |u https://opac.crzp.sk/?fn=detailBiblioForm&sid=FFEED6484134604A3D79AFB88729 | |
| SQL | |a stuzp57336 |b DDP |c SLO |d Polyfunkčný objekt Zen House - interiér |e 8082 |f Adamovová, Žofia |g 055150 |h 29139 |i Salcer, Igor |j 20160602 |k 153 |l 05 |m http://is.stuba.sk/zp/portal_zp.pl?podrobnosti=121570 |n I-ARCH |o 5.1.1. architektúra a urbanizmus | ||